|
|
|
|
| LEADER |
03191cam a22004577i 4500 |
| 001 |
10112410 |
| 003 |
GR-PaULI |
| 005 |
20160712163752.0 |
| 008 |
140401s2013 gr f gre d |
| 040 |
|
|
|a GR-PaULI
|b gre
|c GR-AiPI
|e AACR2
|
| 041 |
0 |
|
|a gre
|
| 082 |
0 |
4 |
|a 792.801
|
| 082 |
0 |
4 |
|a 615.82
|
| 082 |
0 |
4 |
|a 613.71
|2 21
|
| 245 |
0 |
2 |
|a Η άσκηση ως μέσο πρόληψης και αποκατάστασης χρόνιων παθήσεων /
|c υπεύθυνος έκδοσης Γεροδήμος Βασίλειος.
|
| 260 |
|
|
|a Τρίκαλα :
|b CMT Προοπτική,
|c 2013.
|
| 300 |
|
|
|a 399 σ. :
|b εικ. ;
|c 24 εκ.
|
| 504 |
|
|
|a Περιλαμβάνει βιβλιογραφία.
|
| 650 |
|
4 |
|a Χρόνιες ασθένειες
|9 137584
|
| 650 |
|
4 |
|a Φυσική αγωγή
|9 31100
|
| 700 |
1 |
|
|a Γεροδήμος, Βασίλειος
|9 137585
|e επιμελητής
|
| 852 |
|
|
|a GR-PaULI
|b ΠΑΤΡΑ
|b ΘΕΑΤΡΟΛΟΓΙΑ
|k ΑΣΧΕ-3
|h 792.801 ΓΕΡ
|m 013010
|p 025000198877
|t 6
|
| 852 |
|
|
|a GR-PaULI
|b ΠΑΤΡΑ
|b ΙΑΤΡΙΚΗ
|k ΑΣΧΕ-10
|h WB 541
|m 6499β
|p 025000176102
|t 2
|
| 852 |
|
|
|a GR-PaULI
|b ΠΑΤΡΑ
|b ΙΑΤΡΙΚΗ
|k ΑΣΧΕ-10
|h WB 541
|m 6499γ
|p 025000176103
|t 3
|
| 852 |
|
|
|a GR-PaULI
|b ΠΑΤΡΑ
|b ΙΑΤΡΙΚΗ
|k ΑΣΧΕ-10
|h WB 541
|m 6499δ
|p 025000173893
|t 4
|
| 852 |
|
|
|a GR-PaULI
|b ΠΑΤΡΑ
|b ΙΑΤΡΙΚΗ
|k ΑΣΧΕ-10
|h WB 541
|m 6499ε
|p 025000173892
|t 5
|
| 852 |
|
|
|a GR-PaULI
|b ΠΑΤΡΑ
|b ΙΑΤΡΙΚΗ
|k ΟΧΙΔ-10
|h WB 541
|m 6499α
|p 025000176101
|t 1
|
| 852 |
|
|
|a GR-PaULI
|b ΠΑΤΡΑ
|b ΠΤΔΕ
|k ΑΣΧΕ
|h 541 ΓΕΡ
|m 11397
|p 025000211125
|t 7
|
| 942 |
|
|
|2 ddc
|c BK15
|
| 952 |
|
|
|0 0
|1 0
|4 0
|6 792_801000000000000_ΓΕΡ
|7 0
|9 164791
|a THST
|b THST
|d 2016-04-24
|i 013010
|l 0
|o 792.801 ΓΕΡ
|p 025000198877
|r 2016-04-24 00:00:00
|t 6
|w 2016-04-24
|y BK15
|
| 952 |
|
|
|0 0
|1 0
|4 0
|6 WB_541_000000000000000
|7 0
|9 164792
|a MEDI
|b MEDI
|d 2016-04-24
|i 6499β
|l 0
|o WB 541
|p 025000176102
|r 2016-04-24 00:00:00
|t 2
|w 2016-04-24
|y BK15
|
| 952 |
|
|
|0 0
|1 0
|4 0
|6 WB_541_000000000000000
|7 0
|9 164793
|a MEDI
|b MEDI
|d 2016-04-24
|i 6499γ
|l 0
|o WB 541
|p 025000176103
|r 2016-04-24 00:00:00
|t 3
|w 2016-04-24
|y BK15
|
| 952 |
|
|
|0 0
|1 0
|4 0
|6 WB_541_000000000000000
|7 0
|9 164794
|a MEDI
|b MEDI
|d 2016-04-24
|i 6499δ
|l 0
|o WB 541
|p 025000173893
|r 2016-04-24 00:00:00
|t 4
|w 2016-04-24
|y BK15
|
| 952 |
|
|
|0 0
|1 0
|4 0
|6 WB_541_000000000000000
|7 0
|9 164795
|a MEDI
|b MEDI
|d 2016-04-24
|i 6499ε
|l 0
|o WB 541
|p 025000173892
|r 2016-04-24 00:00:00
|t 5
|w 2016-04-24
|y BK15
|
| 952 |
|
|
|0 0
|1 0
|4 0
|6 WB_541_000000000000000
|7 0
|9 164796
|a MEDI
|b MEDI
|d 2016-04-24
|i 6499α
|l 0
|o WB 541
|p 025000176101
|r 2016-04-24 00:00:00
|t 1
|w 2016-04-24
|y BKN
|
| 952 |
|
|
|0 0
|1 0
|4 0
|6 541_000000000000000_ΓΕΡ
|7 0
|9 164797
|a PTDE
|b PTDE
|d 2016-04-24
|i 11397
|l 0
|o 541 ΓΕΡ
|p 025000211125
|r 2016-04-24 00:00:00
|t 7
|w 2016-04-24
|y BK15
|
| 952 |
|
|
|0 0
|1 0
|2 ddc
|4 0
|6 615_820000000000000_ΑΣΚ
|7 0
|9 203581
|a LISP
|b LISP
|c BSC
|d 2016-05-23
|i 121849
|l 1
|o 615.82 ΑΣΚ
|p 025000237017
|r 2017-12-12 00:00:00
|s 2017-11-27
|t 8
|w 2016-05-23
|y BK15
|
| 952 |
|
|
|0 0
|1 0
|2 ddc
|4 0
|6 792_801000000000000
|7 0
|9 204226
|a LISA
|b LISA
|c BSC
|d 2016-07-12
|i 11881
|l 0
|o 792.801
|p 026000302574
|r 2016-07-12 00:00:00
|t 9
|w 2016-07-12
|y BK15
|
| 998 |
|
|
|c ΜΑΝΙΑΚΗ
|d 2014-04
|
| 998 |
|
|
|c ΛΟΥΚΟΠΟΥΛΟΥ
|d 2016-07
|
| 999 |
|
|
|c 103325
|d 103325
|